Statistics for Names for Warriors

Click here to take the quiz!

General Stats

  • This quiz has been taken 25,658 times
    (8,108 since last reset)
  • The average score is 12 of 21

Answer Stats

Description Answer % Correct
Mounted medieval warriorKnight
93%
Noble warrior of feudal JapanSamurai
92%
Roman arena combatantGladiator
91%
Covert spy or assassin of feudal JapanNinja
84%
Irregular soldier - not to
be confused with a large ape
Guerilla
81%
Elite special ops soldier of the US NavySEAL
80%
Soldier who sells his services
to the highest bidder
Mercenary
78%
Spanish conqueror of the New WorldConquistador
73%
Soldier for amphibious or
ship-to-ship combat
Marine
67%
Female warrior of Greek legendAmazon
67%
Porthos, Athos, or Aramis, e.g.Musketeer
66%
Soldier who parachutes into battleParatrooper
63%
American militiaman ready on
very short notice
{Minute}man
59%
Commander of 80 Roman soldiersCenturion
53%
Nepalese soldier of the British ArmyGurkha
53%
Sabre-wielding cavalryman originally
from Hungary
Hussar
34%
Elite soldier of ancient PersiaImmortal
27%
Spearman in a Greek phalanxHoplite
26%
Elite bodyguard of the Ottoman sultansJanissary
25%
Mounted soldier who dismounts
to fight on foot
Dragoon
11%
One of the twelve foremost warriors
in Charlemagne's court
Paladin
11%

Score Distribution

Percentile by Number Answered

Percent of People with Each Score

Your Score History

You have not taken this quiz since the last reset